00322nam a22001217a 4500003000400000020001800004082001500022100001600037245006500053260004900118300001400167650001900181OSt a9780241370148 a658.8bGOT aGODIN, Seth aThis is Marketing : You Can't be Seen Until You Learn to See aGreat Britain:bPenguin Random House,c2018. axvi,266p. aGeneral Books